MARC보기
LDR00000nam c2200205 c 4500
001000000338742
00520250805103623
007ta
008250801s2024 ulk r 00a kor
020 ▼a 9791157847242 ▼g 13320 : ▼c \19500
040 ▼a 248032 ▼c 248032 ▼d 248032
0411 ▼a kor ▼h eng
0490 ▼l EM111127 ▼l EM111128 ▼c 2
056 ▼a 199.1 ▼2 4
090 ▼a 199.1 ▼b 엘295ㅁ2
24520 ▼a 미라클모닝 : ▼b 더 쉽고 더 확실하게 더 원하는 삶으로 바꿀 수 있다 / ▼d 할 엘로드 지음 ; ▼e 윤영삼 옮김
24611 ▼a The Miracle morning
250 ▼a 초판, 확장판
260 ▼a 서울 : ▼b 한빛비즈, ▼c 2024
300 ▼a 416 p. ; ▼c 21 cm
500 ▼a 원저자명 : Hal Elrod
546 ▼a 영어 원작을 한국어로 번역
653 ▼a 자기계발 ▼a 자기관리 ▼a 시간관리
7001 ▼a 엘로드, 할, ▼e 저
7001 ▼a 윤영삼, ▼e 옮김
90011 ▼a Elrod, Hal
9500 ▼b \19500
990 ▼a 관리자2 ▼b 관리자2